Understanding Building Stones and Stone Buildings (Record no. 10471)
[ view plain ]
| 000 -LEADER | |
|---|---|
| fixed length control field | 00314nam a2200133Ia 4500 |
| 003 - CONTROL NUMBER IDENTIFIER | |
| control field | OSt |
| 005 - DATE AND TIME OF LATEST TRANSACTION | |
| control field | 20220318165051.0 |
| 008 - FIXED-LENGTH DATA ELEMENTS--GENERAL INFORMATION | |
| fixed length control field | 220318s9999 xx 000 0 und d |
| 020 ## - INTERNATIONAL STANDARD BOOK NUMBER | |
| International Standard Book Number | 9780367779818 |
| 100 ## - MAIN ENTRY--PERSONAL NAME | |
| Personal name | Cosgrove |
| 245 #0 - TITLE STATEMENT | |
| Title | Understanding Building Stones and Stone Buildings |
| 260 ## - PUBLICATION, DISTRIBUTION, ETC. (IMPRINT) | |
| Name of publisher, distributor, etc | CRC |
| 942 ## - ADDED ENTRY ELEMENTS (KOHA) | |
| Source of classification or shelving scheme | |
| Withdrawn status | Lost status | Source of classification or shelving scheme | Damaged status | Koha normalized classification for sorting | Not for loan | Permanent location | Current location | Date acquired | Source of acquisition | Cost, normal purchase price | Full call number | Barcode | Date last seen | Cost, replacement price | Price effective from | Koha item type |
|---|---|---|---|---|---|---|---|---|---|---|---|---|---|---|---|---|
| 624_183200000000000_HUD | BMS College of Architecture, Design and Planning | BMS College of Architecture, Design and Planning | 2022-05-25 | 1 | 3222.96 | 624.1832 HUD | AR-UG2478 | 2022-05-25 | 4604.23 | 2022-05-25 | UG Books |